000 00682nam a2200241 a 4500
001 42403
003 BD-RjUL
005 20211209053533.0
008 160612s1959 xx 000 0 eng
035 _a(BD-RjUL)42521
035 _a(OCoLC)168844
040 _aDLC
_cODaWU
_dDLC
_beng
041 _aeng
082 _223
_a330
_bBRE 1959
100 1 _aBrandis, Royall.
_9130433
245 1 0 _aEconomics: principles and policy /
_cRoyall Brandis
260 _aHomewood :
_bR.D. Irwin,
_c1959.
300 _axvii, 340 p. :
_bill. ;
_c24 cm.
650 0 _aEconomics.
_9130435
942 _2ddc
_cBK
999 _c42403
_d42403